000
00203 a2200097 4500
001
57581
100
_a
245
_a
Zibah azeem
260
_a
Lahore
_b
Minhaj ul Quran
_c
090
_c
35316
_d
35316
942
_a
NUST-CAE
_c
MONOGRAPH
_c
28132
999
_c
292654
_d
292654